Score 0/49 Timer 06:00
2 Plays Today
Hint 5-Letter Word % Correct
Country singer PartonDOLLY
95.1%
Choo-choo, to adultsTRAIN
92.5%
Sound of an old floorboardCREAK
92.3%
Shatter into piecesBREAK
92.2%
Opening at the bottom of a sinkDRAIN
91.7%
Sound a frog makesCROAK
91.5%
A-plus or D-minus, e.g.GRADE
91.3%
Rye or pumpernickel, e.g.BREAD
91%
A place for a coffin and headstoneGRAVE
90.5%
Damage to a vaseCRACK
90.4%
Cowboy in 'Toy Story'WOODY
90.2%
Actor Russell of 'Gladiator'CROWE
89.9%
Regal headwareCROWN
89.5%
Operated a carDROVE
89.2%
Like a sheep-based sweaterWOOLY
88.4%
A single song on an albumTRACK
88.2%
A collection of treesGROVE
87.9%
Drab colorBROWN
87.7%
★ Pencilled, like a stick figure ★★ DRAWN ★
87.5%
A thick earthenware potCROCK
87.5%
The pattern on a tireTREAD
87.1%
★ Fronts of human heads or clocks ★★ FACES ★
86.9%
Beagle or pug, vis-à-vis a dogBREED
86.7%
Walks back and forth in the waiting roomPACES
86.6%
Like Swiss cheeseHOLEY
86.3%
Hint 5-Letter Word % Correct
Muscular strengthBRAWN
86%
Green Christmas plant decorHOLLY
85.9%
A lacy decorative matDOILY
85.9%
Kids song: 'Polly ___ Doodle'WOLLY
85.5%
Actor Zane or Bob ThorntonBILLY
85.5%
A genetic characteristicTRAIT
85.3%
Examination before judge and juryTRIAL
85.3%
Use bits and a tool to create a holeDRILL
84.5%
Word that preceeds 'two-shoes'GOODY
83.8%
A group of 3 thingsTRIAD
82%
Like a path lined with elmsTREED
81.8%
An expanse of landTRACT
81.7%
A male bee with no stingerDRONE
80%
Something outstandingDILLY
79.1%
To sing with a warbleTRILL
78.8%
Done in a manner without moistureDRILY
78.7%
An old hagCRONE
77.9%
Sizemore or Little of baseball fameGRADY
75.1%
Actor Joel Osment of 'The Sixth Sense'HALEY
74.7%
Repulsive or nasty, to a Valley GirlGRODY
73.7%
Joshua Jackson's role on 'Dawson's Creek'PACEY
63.2%
William who headed CBSPALEY
61.9%
Major pinball machine manufacturerBALLY
57.2%
★ Done in a poor and crude manner ★★ BADLY ★
53.5%
Remove Ads.
Support Sporcle.
Get the best of Sporcle when you Go Orange. This ad-free experience offers more features, more stats, and more fun while also helping to support Sporcle. Thank you for becoming a member.

You're not logged in!

Compare scores with friends on all Sporcle quizzes.
OR
Log In

Show Comments

Extras

Top Quizzes Today


Score Distribution

Your Account Isn't Verified!

In order to create a playlist on Sporcle, you need to verify the email address you used during registration. Go to your Sporcle Settings to finish the process.

Report this User

Report this user for behavior that violates our Community Guidelines.

Details: